Código sanitario: edición oficial

Salvato in:
Dettagli Bibliografici
Natura: Libro
Lingua:spagnolo
Pubblicazione: Santiago Jurídica de Chile 1997
Edizione:9a. ed
Soggetti:
Tags: Aggiungi Tag
Nessun Tag, puoi essere il primo ad aggiungerne!!

MARC

LEADER 00000nam a2200000 a 4500
001 UCS1444
003 CL-VaPUC
008 970509e19970000CL |||||||||||||||||spa|d
082 0 4 |a 344.8304  |b COD  |2 21 
245 1 0 |a Código sanitario: edición oficial 
250 |a 9a. ed 
300 |a 313 p 
942 |c BK 
945 |d 19970509 00:00:00  |a amoreno 
260 |a Santiago  |b Jurídica de Chile  |c 1997 
650 0 |a Salud  |9 258663 
650 7 |a LEGISLACION  |2 CL-VaPUC  |9 385905 
650 7 |a PROTECCION SANITARIA  |2 CL-VaPUC  |9 385906 
650 7 |a HIGIENE  |2 CL-VaPUC  |9 385907 
650 0 |a Ambiente  |9 385908 
650 7 |a FARMACIAS  |2 CL-VaPUC  |9 385909 
650 0 |a Cementerios  |9 344520 
650 7 |a ESTUPEFACIENTES  |2 CL-VaPUC  |9 328329 
583 |a last modification  |c 19970509 00:00:00  |k Rodrigo Vera 
999 |c 259529  |d 259527 
952 |0 0  |1 0  |4 0  |6 344_830400000000000_COD_1997  |7 0  |8 R  |9 284361  |a BIBDER  |b BIBDER  |d 2019-11-19  |i 3303934  |o 344.8304 COD 1997  |p 3303934  |r 2023-01-25  |w 2019-11-19  |y BK_R  |k DER